| 000 | 00657nam a2200205Ii 4500 | ||
|---|---|---|---|
| 003 | JO-AjNU | ||
| 008 | 230605s9999||||xx |||||||||||||| ||und|| | ||
| 017 | _a1987/423 | ||
| 040 |
_aJO-AjNU _bara _erda _cJO-AjNU |
||
| 041 | _aara | ||
| 050 | 1 | 4 | _aBC34. M8332 1987 |
| 100 | 3 |
_aفرحان، محمد جلوب, _eauthor _938713 |
|
| 245 | 0 | 0 | _aدراسات في علم المنطق عند العرب |
| 264 | 3 | 1 | _aالموصل:منشورات مكتبة بسام ، 1987 |
| 300 | _a207ص | ||
| 336 |
_atext _btxt _2rdacontent |
||
| 337 |
_aunmediated _bn _2rdamedia |
||
| 338 |
_avolume _bnc _2rdacarrier |
||
| 650 | 4 |
_aالمنطق عند العرب _938714 |
|
| 999 |
_aA16288 _c19856 _d19856 |
||